00518nam a22001697a 450000500170000001000130001702000130003003500130004303700090005608200080006510000220007324500880009524600470018326000380023027000580026830000220032620191211115726.0 aA-678132 c35.00a- aA-678132 bBPPD a170 aتر وولو ر  aکر ل )تا مل ا د ب کا ا خلا قی شا ہکا ر cتر وولو ر  aKurul (Tamil Literature) (Urdu)bbyTarulur aN.Delhic1965 ء bSahity Acedemy a35-Ravender Bhawan,Firozshah RoadbN.Delhik-e110001 a152 صc22 cm(hb)